[Event "Open A"]
[Site "Pardubice CZE"]
[Date "2005.07.26"]
[Round "5"]
[White "Biriukov,O"]
[Black "Czarnota,D"]
[Result "1-0"]
[WhiteElo "2377"]
[BlackElo "2238"]

1.d4 Nf6 2.c4 d6 3.Nc3 Nbd7 4.e4 e5 5.Nf3 g6 6.Be2 Bg7 7.O-O O-O 8.Qc2 c6
9.d5 c5 10.Bg5 h6 11.Bd2 Ne8 12.g3 Nb6 13.Nh4 Bh3 14.Rfb1 Nc8 15.a3 Ne7 16.b4 b6
17.f3 f5 18.Nd1 fxe4 19.fxe4 g5 20.Ng2 Ng6 21.Nf2 Bc8 22.Ne3 Nf6 23.bxc5 bxc5
24.Qa4 a6 25.Ba5 Qe8 26.Qc6 Qxc6 27.dxc6 Ne7 28.Rb6 Ne8 29.Nd5 Bf6 30.Rab1 Nxd5
31.cxd5 Bd8 32.Rb8 Rxb8 33.Rxb8 Bxa5 34.Rxc8 Nc7 35.Rxf8+ Kxf8 36.Ng4 Kg7
37.Ne3 Ne8 38.Bxa6 Kf6 39.Be2 Bc7 40.Kf2 Ng7 41.Bg4 Ke7 42.Ke2 Kd8 43.Kd3 h5
44.Bd7 Bb8 45.Kc4 Kc7 46.Nf5 Nxf5 47.exf5 Kd8 48.f6 Bc7 49.Bf5 h4 50.gxh4 gxh4
51.Bg6 h3 52.a4  1-0

[Event "Open A"]
[Site "Pardubice CZE"]
[Date "2005.07.27"]
[Round "6"]
[White "Cvek,R"]
[Black "Kovalev,An"]
[Result "0-1"]
[WhiteElo "2479"]
[BlackElo "2548"]

1.Nf3 Nf6 2.c4 g6 3.Nc3 Bg7 4.e4 d6 5.d4 O-O 6.Be2 Na6 7.O-O e5 8.Re1 Qe8
9.Bf1 Bg4 10.d5 Nb4 11.Be2 a5 12.a3 Na6 13.h3 Bd7 14.b3 Nh5 15.Bf1 f5 16.Rb1 Nc5
17.Be3 fxe4 18.Ng5 Nd3 19.Re2 Ndf4 20.Rd2 Nf6 21.Ngxe4 Nxe4 22.Nxe4 Bf5 23.Qc2 g5
24.f3 h5 25.g4 Bg6 26.Re1 Qe7 27.c5 Rf7 28.Bf2 Raf8 29.Qc4 Bh8 30.Rc2 Rh7
31.Rc3 hxg4 32.hxg4 Bf6 33.Bg3 Qg7 34.cxd6 cxd6 35.Rc2 Bd8 36.Qb5 Be8 37.Qc4 b5
38.Qc8 Bb6+ 39.Bf2 Qh6 40.Bxb6 Qh1+ 41.Kf2 Rh2+ 42.Kg3 Rg2+  0-1

[Event "Open A"]
[Site "Pardubice CZE"]
[Date "2005.07.27"]
[Round "6"]
[White "Szymanski,M"]
[Black "Comas Fabrego,L"]
[Result "1/2-1/2"]
[WhiteElo "2435"]
[BlackElo "2513"]

1.d4 g6 2.c4 Bg7 3.e4 d6 4.Nc3 Nf6 5.Nf3 O-O 6.Be2 e5 7.O-O Na6 8.Be3 c6
9.dxe5 dxe5 10.c5 Ng4 11.Bg5 f6 12.Bxa6 bxa6 13.Bd2 Qe8 14.Qe2 Rb8 15.h3 Nh6
16.Be3 Nf7 17.Nd2 Rxb2 18.Rab1 Rxb1 19.Rxb1 f5 20.f3 Qe6 21.Nc4 Rd8 22.Na5 Bf8
23.a3 h5 24.Na2 f4 25.Bf2 g5 26.Nb4 Bd7 27.Rd1 Be8 28.Rxd8 Nxd8 29.Qxa6 g4
30.hxg4 hxg4 31.fxg4 Qxg4 32.Qd3 Qd7 33.Nc4 Nf7 34.Qxd7 Bxd7 35.Nd3 Bg7 36.Bh4 Kf8
37.g3 fxg3 38.Bxg3 Ng5 39.Nd2 Nh3+ 40.Kg2 Nf4+ 41.Bxf4 exf4 42.Nxf4 Be6 43.Kf3 Bc3
44.Ke2 Bxd2 45.Kxd2 Ke7 46.Kc3 Kd7  1/2-1/2

[Event "Open A"]
[Site "Pardubice CZE"]
[Date "2005.07.28"]
[Round "7"]
[White "Sundararajan,K"]
[Black "Krapivin,V"]
[Result "1-0"]
[WhiteElo "2484"]
[BlackElo "2410"]

1.d4 Nf6 2.c4 g6 3.Nc3 Bg7 4.e4 d6 5.Nf3 O-O 6.Be2 e5 7.Be3 exd4 8.Nxd4 Re8
9.f3 c6 10.Bf2 d5 11.exd5 cxd5 12.O-O Nc6 13.c5 Nh5 14.Qd2 Be5 15.g3 Ng7
16.Rfe1 a6 17.Bf1 Bf6 18.Rxe8+ Nxe8 19.Rd1 Be6 20.Nce2 a5 21.Nf4 Ng7 22.Ndxe6 fxe6
23.Bh3 Kf7 24.Kg2 d4 25.Qe2 Be5 26.Qe4 Qe7 27.Nd3 Bf6 28.f4 h5 29.Re1 Rd8
30.Qf3 Kg8 31.a3 a4 32.Qd1 Ra8 33.Qc2 Kf7 34.Kg1 Qd7 35.b4 axb3 36.Qxb3 Na5
37.Qc2 Nc6 38.a4 Ne7 39.Qb3 Rxa4 40.c6 Qxc6 41.Nc5 Qxc5 42.Qxa4 b5 43.Qb3 Nd5
44.Ra1 Nc3 45.Bf1 Nf5 46.Ra6 Nd6 47.Bd3 g5 48.f5 Qe5 49.fxe6+ Qxe6 50.Bg6+  1-0

[Event "Open A"]
[Site "Pardubice CZE"]
[Date "2005.07.28"]
[Round "7"]
[White "Polak,T"]
[Black "Zude,E"]
[Result "0-1"]
[WhiteElo "2493"]
[BlackElo "2424"]

1.d4 Nf6 2.c4 g6 3.Nc3 Bg7 4.e4 d6 5.Nf3 O-O 6.Be2 e5 7.O-O Na6 8.Re1 c6
9.Bf1 Bg4 10.d5 Ne8 11.Rb1 c5 12.a3 f5 13.h3 Bh5 14.Be2 h6 15.Qc2 f4 16.Nh2 Bxe2
17.Qxe2 Nf6 18.b4 Rf7 19.Bd2 Bf8 20.Nb5 Kh7 21.Rb3 Qd7 22.Kh1 Be7 23.Rg1 Raf8
24.Nxa7 Qa4 25.Rgb1 cxb4 26.axb4 Nc7 27.Nb5 Nxb5 28.cxb5 Rc8 29.Qd3 Bd8 30.Nf3 Bb6
31.Ne1 Qa7 32.Ra3 Qb8 33.Qe2 Rfc7 34.Nd3 Rc4 35.f3 Nh5 36.Kh2 Rc2 37.Qd1 Qc7
38.Ne1 Rc4 39.Nd3 Bd4 40.Nb2 Rc2 41.Na4 Qc4 42.Bc3 Qe2 43.Qxe2 Rxe2 44.Rb2 Rxb2
45.Bxb2 Rc2 46.Bxd4 exd4 47.Ra1 d3 48.e5 d2 49.Rd1 Rc1 50.Nb2 Rxd1 51.Nxd1 Kg7
52.exd6 Kf8 53.h4 Ng3 54.h5 gxh5 55.Kh3 Ke8 56.b6 Kd7 57.Nb2 Nf1 58.Kh4 Ne3
59.Kxh5 d1=Q 60.Nxd1 Nxd1 61.Kxh6 Ne3 62.Kg5 Nxg2 63.Kf5 Kxd6 64.Ke4 Ne1
65.Kxf4 Nd3+ 66.Kg5 Nxb4 67.f4 Nxd5 68.f5 Nxb6  0-1

[Event "Open A"]
[Site "Pardubice CZE"]
[Date "2005.07.29"]
[Round "8"]
[White "Werle,J"]
[Black "Shtyrenkov,V"]
[Result "0-1"]
[WhiteElo "2514"]
[BlackElo "2459"]

1.Nf3 Nf6 2.c4 g6 3.Nc3 Bg7 4.e4 d6 5.d4 O-O 6.Be2 e5 7.O-O Nh5 8.Re1 Nf4
9.Bf1 Bg4 10.d5 Qf6 11.g3 Ne6 12.Be2 Bxf3 13.Bxf3 Nd4 14.Bg2 c5 15.Nb5 Nd7
16.Nxd4 cxd4 17.Bd2 a5 18.b3 Nc5 19.Qe2 Qe7 20.Rab1 f5 21.a3 b6 22.b4 axb4
23.axb4 Nxe4 24.Bxe4 fxe4 25.Qxe4 Ra2 26.Re2 Qd7 27.f4 Qf5 28.Rd1 Rc2 29.fxe5 Bxe5
30.Qxf5 Rxf5 31.Rf2 Rxc4 32.Rxf5 gxf5 33.Kf2 Kf7 34.Ke2 d3+ 35.Kxd3 Rd4+
36.Ke2 Rxd5 37.Rc1 h5 38.Rc8 h4 39.gxh4 Rd4 40.Rb8 Rxh4 41.Rxb6 Rxh2+ 42.Kd3 Ke6
43.Rb8 Rh3+ 44.Ke2 Kd5 45.Ra8 f4 46.b5 f3+ 47.Kd3 f2+ 48.Ke2 Rf3 49.Kf1 Bd4
50.Rc8 Bc5 51.b6 Rb3 52.Rf8 Bxb6 53.Ke2 Bd4 54.Rf4 Kc4 55.Bc1 Rb1 56.Bd2 Kb3
57.Rf8 Kc2 58.Ba5 Bc5 59.Rf3 Ra1 60.Bc3 f1=Q+  0-1

[Event "15th ETC Women"]
[Site "Gothenburg SWE"]
[Date "2005.07.30"]
[Round "1"]
[White "Srebrnic,A"]
[Black "Kovalevskaya,E"]
[Result "0-1"]
[WhiteElo "2289"]
[BlackElo "2471"]

1.Nf3 Nf6 2.c4 g6 3.Nc3 Bg7 4.e4 d6 5.d4 O-O 6.Be2 Nbd7 7.O-O e5 8.Qc2 exd4
9.Nxd4 Re8 10.Rd1 Qe7 11.f3 c6 12.Rb1 Nf8 13.Bf1 Nh5 14.Be3 f5 15.Bf2 f4
16.b4 Be5 17.b5 c5 18.Nd5 Qf7 19.Ne2 b6 20.a4 g5 21.a5 Rb8 22.axb6 axb6 23.h3 Nf6
24.Nec3 Ne6 25.Bd3 h5 26.Na4 Nd7 27.Rd2 Qg7 28.Qd1 Rf8 29.Rb3 Nd4 30.Ra3 g4
31.fxg4 f3 32.g3 hxg4 33.h4 Rf7 34.Rda2 Bb7 35.Naxb6 Nxb6 36.Nxb6 Rbf8 37.Qe1 Bxg3
38.Bxg3 f2+ 39.Rxf2 Rxf2 40.Qxf2 Rxf2 41.Bxf2 g3 42.Be3 g2 43.Bg5 Nf3+ 44.Kxg2 Nxg5  0-1

[Event "Open A"]
[Site "Pardubice CZE"]
[Date "2005.07.30"]
[Round "9"]
[White "Iskusnyh,S"]
[Black "Zhigalko,A"]
[Result "0-1"]
[WhiteElo "2472"]
[BlackElo "2526"]

1.d4 Nf6 2.c4 g6 3.Nc3 Bg7 4.e4 d6 5.Be2 O-O 6.Nf3 e5 7.Be3 Ng4 8.Bg5 f6
9.Bh4 Nd7 10.O-O Nh6 11.h3 c6 12.Qc2 Nf7 13.Rad1 Qe7 14.Rfe1 Re8 15.b4 Nf8
16.d5 Bd7 17.Nd2 c5 18.bxc5 dxc5 19.Nb5 Red8 20.Nb1 Be8 21.N1c3 a6 22.d6 Nxd6
23.Nd5 Qf7 24.Nb6 axb5 25.Nxa8 Ne6 26.cxb5 Nd4 27.Qxc5 Nxe4 28.Qc4 Rxa8 29.Bf1 Nd6
30.Qc5 Bf8 31.Rxd4 exd4 32.Qxd4 Kg7 33.g4 Bxb5 34.Bxb5 Nxb5 35.Qb6 Nd6 36.Rd1 Rxa2
37.Rxd6 Ra6 38.Bxf6+ Kg8 39.Qxa6 bxa6 40.Rxa6 Qb3 41.g5 Bc5 42.Kg2 Qb7+  0-1

[Event "92nd ch-GBR"]
[Site "Douglas IOM"]
[Date "2005.08.01"]
[Round "1"]
[White "Therrien,A"]
[Black "De Coverly,R"]
[Result "1-0"]
[WhiteElo "2294"]
[BlackElo "2086"]

1.d4 Nf6 2.c4 g6 3.Nc3 Bg7 4.e4 d6 5.Nf3 O-O 6.Be2 e5 7.Be3 Nbd7 8.O-O h6
9.g3 Re8 10.d5 Nf8 11.Nd2 Bh3 12.Re1 h5 13.Bf1 Qd7 14.f3 a6 15.b4 Bxf1 16.Rxf1 a5
17.bxa5 Rxa5 18.c5 dxc5 19.Nb3 Raa8 20.Nxc5 Qc8 21.Qb3 b6 22.Nd3 N8h7 23.Nb5 Qd7
24.Rac1 Rac8 25.Rc6 h4 26.Qc2 hxg3 27.hxg3 Bf8 28.Nxc7 Red8 29.Rc1 Qh3 30.Qg2 Qh5
31.g4 Qh4 32.Qh2 Qxh2+ 33.Kxh2 Nd7 34.R1c2 Be7 35.Kg2 Nhf8 36.Kf2 Rb8 37.Nb5 Rb7
38.Rc7 Rxc7 39.Rxc7 Ra8 40.Ra7 Rc8 41.Rc7 Ra8 42.Nc3 Ra3 43.Bc1 Ra5 44.Ke2 Ba3
45.Be3 b5 46.Rb7 b4 47.Rb5 Ra8 48.Nxb4 Bb2 49.Nd1 Ba3 50.Nc6 Kg7 51.Ra5 Rxa5
52.Nxa5 f5 53.Nc4 Bc5 54.Ndb2 fxg4 55.fxg4 Nh7 56.Nd3 Bxe3 57.Kxe3 Kf6 58.a4 Kg7
59.Ncxe5  1-0

[Event "Open Dutch Championship"]
[Site "Dieren NED"]
[Date "2005.08.02"]
[Round "7"]
[White "Paalman,HJ"]
[Black "Rietveld,R"]
[Result "1/2-1/2"]
[WhiteElo "2155"]
[BlackElo "2154"]

1.d4 Nf6 2.c4 g6 3.Nc3 Bg7 4.e4 O-O 5.Be2 d6 6.Nf3 e5 7.Be3 Ng4 8.Bg5 f6
9.Bh4 g5 10.Bg3 Nh6 11.dxe5 dxe5 12.Qxd8 Rxd8 13.Nd5 Na6 14.Ne7+ Kf7 15.Nxc8 Raxc8
16.h4  1/2-1/2

[Event "15th ETC Women"]
[Site "Gothenburg SWE"]
[Date "2005.08.02"]
[Round "4"]
[White "Johansson,V"]
[Black "Bosboom Lanchava,T"]
[Result "1/2-1/2"]
[WhiteElo "2218"]
[BlackElo "2363"]

1.d4 Nf6 2.Nf3 d6 3.c4 g6 4.Nc3 Bg7 5.e4 O-O 6.Be2 Na6 7.O-O e5 8.Bg5 h6
9.Bh4 g5 10.Bg3 Nh5 11.a3 Nxg3 12.hxg3 exd4 13.Nxd4 c6 14.Qd2 Nc5 15.Bd1 Qf6
16.Nf5 Bxf5 17.exf5 Qxf5 18.Bc2 Qg4 19.Qxd6 Qxc4 20.Rad1 Ne6 21.Bf5 Nd4 22.Bb1 Rfd8
23.Qe7 Qe6 24.Qxb7 Rdb8 25.Qa6 Rxb2 26.Qd3 f5 27.Rfe1 Qf6 28.Na4 Rb5 29.Qc4+ Rd5
30.Nc3 Nf3+ 31.gxf3 Qxc3 32.Ba2 Kh8 33.Qxc3 Bxc3 34.Bxd5 Bxe1 35.Bxc6 Rc8
36.Rxe1 Rxc6 37.Re8+ Kg7 38.Re7+ Kf6 39.Rxa7 Rc1+ 40.Kg2 Ra1 41.Ra6+ Kg7
42.a4 Kh7 43.Rf6 Rxa4 44.Rxf5 Kg6 45.Re5 Ra1 46.Re6+ Kg7 47.g4 Rb1 48.Re4 Kg6
49.Ra4 Rc1 50.f4 gxf4 51.Rxf4 h5 52.gxh5+ Kxh5 53.Rb4 Kg5 54.Kg3 Rc5 55.Rb8 Rc3+
56.f3 Kf5 57.Rb5+ Kf6 58.Kg4 Rc1 59.Rb6+ Kf7 60.f4 Rc5 61.f5 Rc1 62.Kg5 Rg1+
63.Kf4 Rf1+  1/2-1/2

[Event "XV Open"]
[Site "La Pobla de Lillet ESP"]
[Date "2005.08.02"]
[Round "1"]
[White "Parayre Soguero,J"]
[Black "Kosten,A"]
[Result "0-1"]
[WhiteElo "1997"]
[BlackElo "2522"]

1.d4 Nf6 2.Nf3 g6 3.c4 Bg7 4.Nc3 O-O 5.e4 d6 6.Be2 Nbd7 7.O-O e5 8.d5 Nc5
9.Qc2 a5 10.Nd2 Nfd7 11.Nb3 f5 12.Nxc5 Nxc5 13.Be3 f4 14.Bxc5 dxc5 15.a3 g5
16.Qd1 Ra6 17.Na4 Qe7 18.Bg4 Bxg4 19.Qxg4 f3 20.g3 Rg6 21.Rfd1 b6 22.Rd3 Rgf6
23.Rad1 h5 24.Qxh5 Qd7 25.d6 Qxa4 26.dxc7 R6f7 27.Rd8 Rxc7 28.Qxg5 Rf7 29.Rxf8+ Rxf8
30.Rd6 Qc2 31.h4 Qb1+ 32.Kh2 Qf1  0-1

[Event "Agentura 64 Cup IMC"]
[Site "Olomouc CZE"]
[Date "2005.08.03"]
[Round "1"]
[White "Krzesaj,R"]
[Black "Jasny,S"]
[Result "1-0"]
[WhiteElo "2263"]
[BlackElo "2341"]

1.d4 Nf6 2.Nf3 g6 3.c4 d6 4.Nc3 Bg7 5.e4 Nbd7 6.Be2 e5 7.O-O O-O 8.Be3 c6
9.d5 c5 10.g3 h6 11.Nh4 Kh7 12.Qc2 Ng8 13.Rab1 h5 14.Ng2 Bh6 15.f4 exf4 16.gxf4 Qe7
17.Bf2 Bg7 18.Rbe1 Nh6 19.Bxh5 Nf6 20.Bf3 Bh3 21.Bh4 Qc7 22.e5 dxe5 23.d6 Qd7
24.Bxf6 Bxf6 25.Ne4 Bg7 26.fxe5 Bf5 27.Nxc5 Qc8 28.Qf2 b6 29.Ne4 Qxc4 30.b3 Qb4
31.Ng5+ Kg8 32.Bxa8 Rxa8 33.Qf4 Qc5+ 34.Kh1 Ng4 35.Nxf7 Kxf7 36.Qxg4 Bxe5
37.Rxf5+ gxf5 38.Qxf5+ Bf6 39.Re7+  1-0

[Event "15th ETC Women"]
[Site "Gothenburg SWE"]
[Date "2005.08.04"]
[Round "6"]
[White "Nill,J"]
[Black "Jelica,M"]
[Result "1-0"]
[WhiteElo "2323"]
[BlackElo "2191"]

1.d4 Nf6 2.c4 g6 3.Nc3 Bg7 4.e4 d6 5.Nf3 O-O 6.Be2 e5 7.O-O Na6 8.Be3 Ng4
9.Bg5 f6 10.Bc1 c6 11.h3 Nh6 12.c5 Nf7 13.Bxa6 bxa6 14.cxd6 exd4 15.Qxd4 Qxd6
16.Qxd6 Nxd6 17.Bf4 Nc4 18.b3 f5 19.e5 Nb6 20.Rad1 Bb7 21.Nd2 g5 22.Bxg5 Bxe5
23.Ne2 a5 24.Nf3 Rae8 25.Nxe5 Rxe5 26.Nf4 Rfe8 27.Rd6 Nd5 28.Nd3 Re2 29.Nc5 Ba8
30.a4 Rc2 31.Ne6 Rb2 32.Nd4 c5 33.Nxf5 Rxb3 34.Rd7 Rb6 35.Nh6+ Kh8 36.Nf7+ Kg8
37.Nd6 Bc6 38.Rxa7 Re6 39.Nc4 Rb8 40.Rxa5 Nc3 41.Ne3 h6 42.Bh4 Rb4 43.Bg3 Nxa4
44.Rd1 Rd4 45.Rc1 Rd2 46.Nc4 Rd3 47.Rb1 Re8 48.Ne5 Rxg3 49.Nxc6 Rg6 50.Rb8 Rxb8
51.Nxb8 Nc3 52.Rxc5 Ne2+ 53.Kh2 Rf6 54.f3 Nf4 55.Rc6 Rf8 56.Nd7 Rf7 57.Ne5 Rf5
58.Ng6 Nxg6 59.Rxg6+ Kh7 60.Ra6 Kg7 61.Kg3 Rg5+ 62.Kf2 Rb5 63.g4 h5 64.Kg3 hxg4
65.hxg4 Rb3 66.g5 Rc3 67.Kg4 Rc1 68.f4 Rc2 69.Ra7+ Kg8 70.f5 Rh2 71.g6 Rh1
72.Kg5 Rh8 73.Ra8+  1-0

[Event "92nd ch-GBR"]
[Site "Douglas IOM"]
[Date "2005.08.05"]
[Round "5"]
[White "Knott,S"]
[Black "Mason,D"]
[Result "1-0"]
[WhiteElo "2382"]
[BlackElo "2265"]

1.Nf3 Nf6 2.c4 g6 3.Nc3 Bg7 4.e4 d6 5.d4 O-O 6.Be2 e5 7.O-O Na6 8.Qc2 Nb4
9.Qd1 Na6 10.Re1 Qe8 11.Be3 Ng4 12.Bc1 h5 13.h3 Nh6 14.Bf1 f6 15.a3 g5 16.dxe5 dxe5
17.b4 c6 18.c5 Be6 19.Nd2 Rd8 20.Qc2 g4 21.Nc4 Qg6 22.hxg4 hxg4 23.Nd6 Rd7
24.Nd1 f5 25.Bxh6 Bxh6 26.exf5 Bxf5 27.Nxf5 Qxf5 28.Qxf5 Rxf5 29.Ne3 Rf4
30.g3 Rfd4 31.Nf5 Bd2 32.Rxe5 Bc3 33.Nxd4 Bxa1 34.Rg5+ Rg7 35.Bc4+ Kh8 36.Rh5+ Rh7
37.Rxh7+ Kxh7 38.Bxa6 Bxd4 39.Bxb7 Bb2 40.Bxc6 Bxa3 41.Be4+ Kh6 42.c6  1-0

[Event "15th ETC Women"]
[Site "Gothenburg SWE"]
[Date "2005.08.06"]
[Round "8"]
[White "Johansson,V"]
[Black "Kachiani,K"]
[Result "0-1"]
[WhiteElo "2218"]
[BlackElo "2416"]

1.d4 Nf6 2.c4 g6 3.Nc3 Bg7 4.e4 d6 5.Nf3 O-O 6.Be2 e5 7.O-O Na6 8.Be3 Ng4
9.Bg5 Qe8 10.c5 exd4 11.Nd5 f6 12.Bxa6 bxa6 13.Nxc7 Qxe4 14.Qb3+ Kh8 15.Bh4 dxc5
16.Rfe1 Qc6 17.Nxa8 Ne5 18.Bxf6 Nxf3+ 19.Qxf3 Qxf6 20.Qxf6 Bxf6 21.Nc7 d3
22.Ne6 Bxe6 23.Rxe6 Bxb2 24.Rd1 c4 25.Rc6 Rf4 26.Rc7 Be5 27.Rd7 Rd4 28.Re7 Rd5
29.Re8+ Kg7 30.Rc8 c3 31.g3 Rd7 32.Kg2 g5 33.f4 gxf4 34.gxf4 Bf6 35.Kf3 Rd6
36.Ke3 d2 37.Ke2 Kg6 38.Rf1 Kf5 39.Kd1 Rb6 40.Kc2 Ke4 41.Ra1 Rb2+ 42.Kd1 Kd3  0-1

[Event "Ave-Kontakt Cup IMB"]
[Site "Olomouc CZE"]
[Date "2005.08.06"]
[Round "5"]
[White "Ganaus,H"]
[Black "Treybal,D"]
[Result "1-0"]
[WhiteElo "2340"]
[BlackElo "2236"]

1.d4 Nf6 2.Nf3 g6 3.c4 Bg7 4.Nc3 O-O 5.e4 d6 6.Be2 e5 7.Be3 Nc6 8.d5 Ne7
9.Nd2 Ne8 10.b4 f5 11.f3 fxe4 12.fxe4 c6 13.Bf3 cxd5 14.cxd5 Kh8 15.O-O Ng8
16.Kh1 Nh6 17.Rc1 Qh4 18.g3 Qe7 19.Nb5 a6 20.Nc3 Bh3 21.Bg2 Bxg2+ 22.Kxg2 Rxf1
23.Nxf1 Nf7 24.Na4 Bh6 25.Nb6 Bxe3 26.Nxe3 Rd8 27.h4 Nf6 28.Qf3 Kg7 29.Ng4 Nxg4
30.Qxg4 Re8 31.a4 h5 32.Qd7 Qxd7 33.Nxd7 Re7 34.Nb6 Nh6 35.Na8 Rd7 36.b5 axb5
37.axb5 Kf7 38.Nb6 Re7 39.Rc8 Ng4 40.Nc4 Rd7 41.b6 Nf6 42.Kf3 Ke7 43.Rb8 Ne8
44.Na5 Rd8 45.Rxb7+ Rd7 46.Nc6+  1-0

[Event "Inline Czechia Cup IMA"]
[Site "Olomouc CZE"]
[Date "2005.08.06"]
[Round "5"]
[White "Beil,M"]
[Black "Salai,L"]
[Result "0-1"]
[WhiteElo "2212"]
[BlackElo "2378"]

1.d4 Nf6 2.c4 g6 3.Nc3 Bg7 4.e4 d6 5.Nf3 O-O 6.Be2 e5 7.d5 a5 8.O-O Na6 9.Ne1 Nc5
10.f3 Nh5 11.Be3 f5 12.b3 f4 13.Bf2 Bf6 14.a3 Bh4 15.Bxh4 Qxh4 16.b4 Na6
17.c5 g5 18.Bxa6 Rxa6 19.b5 Ra8 20.cxd6 cxd6 21.Na4 Ng3 22.Rf2 Qxh2+ 23.Kxh2 Rf6
24.Kg1 Rh6  0-1

[Event "Petrovskaya Ladya IM"]
[Site "Peterhof RUS"]
[Date "2005.08.06"]
[Round "7"]
[White "Popov,Val"]
[Black "Kostiuk,T"]
[Result "1-0"]
[WhiteElo "2570"]
[BlackElo "2281"]

1.Nf3 Nf6 2.c4 g6 3.Nc3 Bg7 4.e4 d6 5.d4 O-O 6.Be2 Na6 7.O-O e5 8.Re1 Qe8
9.Be3 Ng4 10.Bg5 f6 11.Bh4 Nh6 12.h3 c6 13.a3 Nf7 14.b4 Nc7 15.Bf1 g5 16.Bg3 g4
17.hxg4 Bxg4 18.Be2 Rd8 19.d5 f5 20.exf5 Nh6 21.Nh4 Bxe2 22.Qxe2 Nxf5 23.Nxf5 Rxf5
24.Qe4 Rf8 25.Rad1 cxd5 26.Nxd5 Nxd5 27.Rxd5 Qf7 28.Qd3 Bf6 29.Rxd6 Rxd6
30.Qxd6 Qxc4 31.Bxe5 Bxe5 32.Qxe5 Qa2 33.Qg3+ Kh8 34.Qe3 a6 35.Qd4+ Kg8 36.Re4 Rf6
37.Qd8+ Kg7 38.Qe7+ Qf7 39.Rg4+ Kh8 40.Qe5  1-0

[Event "Agentura 64 Cup IMC"]
[Site "Olomouc CZE"]
[Date "2005.08.07"]
[Round "6"]
[White "Jurcik,Mari"]
[Black "Rojicek,V"]
[Result "1-0"]
[WhiteElo "2342"]
[BlackElo "2153"]

1.d4 Nf6 2.c4 d6 3.Nc3 Nbd7 4.e4 e5 5.Nf3 g6 6.Be2 Bg7 7.O-O O-O 8.Re1 c6
9.Bf1 Qb6 10.dxe5 dxe5 11.Qc2 Qc7 12.h3 Nc5 13.Be3 Ne6 14.Rad1 Nh5 15.c5 Bd7
16.b4 Rfd8 17.Bc4 Nhf4 18.Ne2 Be8 19.Nxf4 exf4 20.Bc1 Nd4 21.Nxd4 Rxd4 22.Rxd4 Bxd4
23.Rd1 Rd8 24.Rd3 Rd7 25.Kf1 Qe5 26.f3 Qf6 27.Qd1 Kg7 28.Bxf4 Bxc5 29.Rxd7 Bxd7
30.Qd2 Bd4 31.e5 Bxe5 32.Bh6+  1-0

[Event "92nd ch-GBR"]
[Site "Douglas IOM"]
[Date "2005.08.08"]
[Round "7"]
[White "Woodward,T"]
[Black "White,Mi"]
[Result "1-0"]
[WhiteElo "2313"]
[BlackElo "2200"]

1.d4 Nf6 2.c4 g6 3.Nc3 Bg7 4.e4 d6 5.Nf3 O-O 6.Be2 e5 7.O-O Na6 8.Be3 Ng4
9.Bg5 Qe8 10.dxe5 dxe5 11.h3 f6 12.Bd2 Nh6 13.c5 Nxc5 14.Qc1 Nf7 15.Nd5 Ne6
16.Nxc7 Nxc7 17.Qxc7 Nd8 18.Rfc1 Be6 19.Be3 Rf7 20.Qc3 Nc6 21.b4 Bf8 22.b5 Nd8
23.a4 b6 24.a5 bxa5 25.Rxa5 Nb7 26.Rxa7 Rxa7 27.Bxa7 Nd6 28.b6 Nxe4 29.Qe3 Nd6
30.Rc7 Nb5 31.b7 Nxc7 32.b8=Q Qxb8 33.Bxb8 Nd5 34.Qd2 Bb4 35.Qa2 Kg7 36.Bc4 Rd7
37.Qa6 Bf7 38.Qb5  1-0

[Event "Agentura 64 Cup IMC"]
[Site "Olomouc CZE"]
[Date "2005.08.08"]
[Round "8"]
[White "Aliev,K"]
[Black "Rojicek,V"]
[Result "1/2-1/2"]
[WhiteElo "2325"]
[BlackElo "2153"]

1.d4 Nf6 2.c4 d6 3.Nf3 g6 4.Nc3 Nbd7 5.e4 e5 6.Be2 Bg7 7.O-O O-O 8.Re1 c6
9.Bf1 Qb6 10.b3 exd4 11.Nxd4 Nc5 12.Bb2 Ng4 13.Re2 a5 14.Rb1 f5 15.h3 Ne5
16.Nf3 fxe4 17.Nxe5 Bxe5 18.Na4 Nxa4 19.Bxe5 dxe5 20.bxa4 Qc5 21.Re3 Rf7  1/2-1/2

[Event "Valoz Cup GMA"]
[Site "Olomouc CZE"]
[Date "2005.08.08"]
[Round "8"]
[White "Sundararajan,K"]
[Black "Neuman,P"]
[Result "0-1"]
[WhiteElo "2484"]
[BlackElo "2428"]

1.d4 Nf6 2.c4 g6 3.Nc3 Bg7 4.e4 d6 5.Nf3 O-O 6.Be2 e5 7.Be3 Na6 8.O-O Ng4
9.Bg5 Qe8 10.dxe5 dxe5 11.h3 h6 12.Bd2 Nf6 13.Be3 Qe7 14.Nd5 Qd8 15.Qc2 Nd7
16.Rad1 c6 17.Nc3 Qe7 18.a3 Ndc5 19.b4 Ne6 20.c5 Nac7 21.Rfe1 Ng5 22.Nxg5 hxg5
23.Rd6 Ne8 24.Red1 Nxd6 25.cxd6 Qe8 26.Bxg5 f6 27.Be3 Be6 28.Na4 b6 29.Bc4 Qf7
30.Bxe6 Qxe6 31.Qxc6 Rac8 32.Qd5 Qxd5 33.Rxd5 Rfd8 34.d7 Rc6 35.f4 Bh6 36.g3 Kf7
37.Kf2 exf4 38.gxf4 Ke7 39.f5 Rc2+ 40.Kf3 Bxe3 41.Kxe3 gxf5 42.exf5 Rxd7
43.Rxd7+ Kxd7 44.Kd4 Rd2+ 45.Ke4 Re2+ 46.Kd4 Re5 47.Nc3 Rxf5 48.Ne4 Ke6 49.a4 Rh5
50.Nf2 Rh4+ 51.Kc3 Kd5 52.a5 b5  0-1

[Event "Summer"]
[Site "Borovo CRO"]
[Date "2005.08.09"]
[Round "7"]
[White "Saric,S"]
[Black "Cebalo,M"]
[Result "0-1"]
[WhiteElo "2323"]
[BlackElo "2511"]

1.d4 Nf6 2.c4 g6 3.Nc3 Bg7 4.e4 d6 5.Nf3 O-O 6.Be2 e5 7.Be3 h6 8.O-O Ng4
9.Bc1 Nc6 10.d5 Ne7 11.Nd2 f5 12.Bxg4 fxg4 13.b4 a5 14.bxa5 Rxa5 15.a4 g5
16.Ba3 Ng6 17.c5 dxc5 18.Nc4 Ra6 19.Bxc5 Rf7 20.Nb5 Bf8 21.Bxf8 Qxf8 22.Qb3 Raf6
23.Ra2 h5 24.Qc3 c6 25.dxc6 Rxc6 26.Na7 Rc5 27.Nxc8 Qxc8 28.Rc2 Rfc7 29.Rfc1 Qe6
30.Qb4 Nf4 31.Ne3 Ne2+ 32.Kf1 Nxc1 33.Rxc5 Nd3 34.Qa5 Rxc5  0-1

[Event "HZ Open"]
[Site "Vlissingen NED"]
[Date "2005.08.09"]
[Round "4"]
[White "Tiggelman,R"]
[Black "Bezemer,A"]
[Result "1-0"]
[WhiteElo "2177"]
[BlackElo "2364"]

1.d4 Nf6 2.Nf3 g6 3.c4 Bg7 4.Nc3 O-O 5.e4 d6 6.Be2 e5 7.d5 Na6 8.Bg5 h6 9.Bh4 g5
10.Bg3 Nxe4 11.Nxe4 f5 12.Nfd2 fxe4 13.Nxe4 Bf5 14.Bd3 g4 15.O-O h5 16.f3 Bxe4
17.Bxe4 Nc5 18.Qd2 Qf6 19.Rae1 Bh6 20.Qd1 Qg5 21.fxg4 Rxf1+ 22.Kxf1 h4 23.Bf2 Qf4
24.g3 hxg3 25.hxg3 Qd2 26.Bf5 Qb4 27.g5 Qxc4+ 28.Kg1 Rf8 29.b3 Qc3 30.Qh5 Rxf5
31.Qg6+ Bg7 32.Qxf5 e4 33.g6 Bf6 34.Qh3 Kf8 35.Qh7 Bg7 36.Rf1 Ke8 37.Qg8+ Kd7
38.Be1 Qe3+ 39.Kh1 Qh6+ 40.Kg2  1-0

[Event "Agentura 64 Cup IMC"]
[Site "Olomouc CZE"]
[Date "2005.08.10"]
[Round "10"]
[White "Aliev,K"]
[Black "Jasny,S"]
[Result "0-1"]
[WhiteElo "2325"]
[BlackElo "2341"]

1.d4 Nf6 2.c4 d6 3.Nc3 Nbd7 4.e4 e5 5.Nf3 g6 6.Be2 Bg7 7.O-O O-O 8.Re1 c6
9.Bf1 Qb6 10.h3 exd4 11.Nxd4 Ng4 12.hxg4 Qxd4 13.Be3 Qe5 14.Qd2 Qe7 15.Rad1 Ne5
16.f3 Be6 17.b3 Rad8 18.g5 f6 19.Be2 Nf7 20.gxf6 Qxf6 21.Rc1 Qh4 22.f4 Bh6
23.Rf1 Bg4 24.Bxg4 Qxg4 25.f5 Ng5 26.f6 Rde8 27.Rce1 Qg3 28.Re2 Re6 29.Qd4 Nh3+
30.Kh1 Nf4 31.Ref2 Rexf6 32.e5 dxe5 33.Qxe5 Rf5 34.Rxf4 Rxe5 35.Rxf8+ Bxf8
36.Bf4 Rh5+  0-1

[Event "Agentura 64 Cup IMC"]
[Site "Olomouc CZE"]
[Date "2005.08.10"]
[Round "10"]
[White "Krzesaj,R"]
[Black "Rojicek,V"]
[Result "1-0"]
[WhiteElo "2263"]
[BlackElo "2153"]

1.d4 Nf6 2.Nf3 g6 3.c4 d6 4.Nc3 Nbd7 5.e4 e5 6.Be2 Bg7 7.O-O O-O 8.Be3 c6
9.d5 c5 10.g3 Kh8 11.Nh4 Ng8 12.Qc2 Ndf6 13.f3 Bh6 14.Bxh6 Nxh6 15.Bd3 Nfg8
16.Qd2 Kg7 17.Ng2 Bh3 18.Rf2 Bxg2 19.Kxg2 a6 20.a3 Qc7 21.b4 b6 22.Rb1 Nf6
23.Nd1 Nd7 24.Ne3 f6 25.Bc2 Rfb8 26.Bd3 Nf7 27.Qd1 Qa7 28.Qe1 Qc7 29.Rfb2 Qd8
30.Qe2 Qc7 31.Bc2 b5 32.Bd3 cxb4 33.axb4 a5 34.cxb5 axb4 35.Rxb4 Qc3 36.R4b3 Qd4
37.Nc2 Qb6 38.Nb4 Nc5 39.Rc3 Nxd3 40.Nxd3 Ra5 41.Rc6 Qd4 42.b6 Rb7 43.Rb4 Qa1
44.Rc7 Ra2 45.Nb2 Raa7 46.Rxb7 Rxb7 47.Nc4 Qc3 48.Qb2 Qxb2+ 49.Rxb2 Kf8 50.Ra2 Nd8
51.Ra7 h5 52.Kf2 Rb8 53.Ke3 Nb7 54.Kd3 f5 55.Kc3 f4 56.gxf4 exf4 57.Kd4 g5
58.e5 g4 59.fxg4 hxg4 60.e6 f3 61.Ne3 f2 62.Ra2  1-0

[Event "Proclient Cup GMB"]
[Site "Olomouc CZE"]
[Date "2005.08.10"]
[Round "10"]
[White "Lagowski,P"]
[Black "Bromberger,S"]
[Result "1/2-1/2"]
[WhiteElo "2395"]
[BlackElo "2491"]

1.d4 Nf6 2.c4 g6 3.Nc3 Bg7 4.Nf3 O-O 5.e4 d6 6.Be2 e5 7.dxe5 dxe5 8.Qxd8 Rxd8
9.Bg5 Re8 10.Nd5 Nxd5 11.cxd5 c6 12.Bc4 cxd5 13.Bxd5 Na6  1/2-1/2

[Event "TCh-ESP Premier North"]
[Site "Barcelona ESP"]
[Date "2005.08.11"]
[Round "1"]
[White "Peralta,Fe"]
[Black "Tattersall,L"]
[Result "1-0"]
[WhiteElo "2553"]
[BlackElo "2273"]

1.d4 Nf6 2.c4 g6 3.Nc3 Bg7 4.e4 d6 5.Nf3 O-O 6.Be2 e5 7.Be3 Nbd7 8.O-O c6
9.d5 c5 10.Ne1 a6 11.Kh1 Rb8 12.Rb1 Ne8 13.g4 Nc7 14.b4 b6 15.Nd3 Ra8 16.Rg1 a5
17.bxc5 bxc5 18.Qd2 Ba6 19.Nb2 Qe7 20.Nba4 Rfb8 21.Rxb8+ Rxb8 22.Rb1 Qd8
23.Rxb8 Qxb8 24.Qb2 Qb4 25.a3 Qxb2 26.Nxb2 Bf6 27.Bd2 Bd8 28.Na2 Ne8 29.Nc1 f5
30.exf5 gxf5 31.gxf5 Ndf6 32.f3 Ng7 33.Bd3 Bc8 34.Nb3 Nxf5 35.Nxa5 Nd4 36.Kg2 Bd7
37.Nd1 Nh5 38.Be4 Nf6 39.Nf2 Kf7 40.Bd3 Bc7 41.Ne4 Nxe4 42.Bxe4 Bxa5 43.Bxa5 h6
44.Bd2 Kg7 45.f4 Ba4 46.fxe5 dxe5 47.Bd3 Nc2 48.Kf3 Nxa3 49.Bc1 Nc2 50.Ke4 Nb4
51.Bf1 Bc2+ 52.Kxe5 Nd3+ 53.Bxd3 Bxd3 54.d6 Kf7 55.Kd5 h5 56.d7  1-0